[Event "SVK-ch U16/20 Girls"]
[Site "Liptovsky Mikulas"]
[Date "2019.04.28"]
[Round "7"]
[White "Angelovicova, Alexandra"]
[Black "Pivoda, Reka"]
[Result "1/2-1/2"]
[WhiteElo "1000"]
[BlackElo "1245"]
[PlyCount "62"]
[EventDate "2019.04.23"]
[EventType "swiss"]
[EventRounds "9"]
[EventCountry "SVK"]
[SourceTitle "CBM 190 Extra"]
[Source "ChessBase"]
[SourceDate "2019.07.15"]
[SourceVersion "1"]
[SourceVersionDate "2019.07.15"]
[SourceQuality "1"]

1. e4 e5 2. Nf3 Nc6 3. Bb5 a6 4. Ba4 b5 5. Bb3 Nf6 6. 0-0 Be7 7. Re1 0-0 8. c3 Bb7 9. d4 Bd6 10. Bg5 h6 11. Bh4 Re8 12. Nbd2 Be7 13. d5 Nb8 14. Nxe5 d6 15. Nef3 Nh5 16. Bxe7 Qxe7 17. Nf1 Nd7 18. Bc2 Qf6 19. Nd4 Nf4 20. Qf3 Ne5 21. Qd1 Qg6 22. Ng3 Bc8 23. Nde2 Nh5 24. Nxh5 Qxh5 25. Ng3 Qg5 26. Qh5 Qf6 27. Nf5 Bxf5 28. Qxf5 Qxf5 29. exf5 Nc4 30. b3 Ne5 31. Re2 Ng4 1/2-1/2

[Event "SVK-ch U16/20 Girls"]
[Site "Liptovsky Mikulas"]
[Date "2019.04.24"]
[Round "2"]
[White "Pivoda, Reka"]
[Black "Majirska, Karin"]
[Result "0-1"]
[WhiteElo "1245"]
[BlackElo "1520"]
[PlyCount "82"]
[EventDate "2019.04.23"]
[EventType "swiss"]
[EventRounds "9"]
[EventCountry "SVK"]
[SourceTitle "CBM 190 Extra"]
[Source "ChessBase"]
[SourceDate "2019.07.15"]
[SourceVersion "1"]
[SourceVersionDate "2019.07.15"]
[SourceQuality "1"]

1. d4 d5 2. Bf4 Nf6 3. Nf3 Bf5 4. e3 a6 5. Nbd2 Nc6 6. c3 e6 7. Be2 h6 8. h3 Qd7 9. 0-0 Be7 10. Ne5 Nxe5 11. Bxe5 Rg8 12. Qb3 b6 13. a4 g5 14. c4 g4 15. h4 Ne4 16. Rfd1 Bxh4 17. a5 Qc6 18. cxd5 exd5 19. Rac1 Qe6 20. Bb5+ axb5 21. Qxb5+ Kf8 22. Qb4+ Be7 23. Qb5 Rxa5 24. Qb3 Ra7 25. Rc2 Bd6 26. Rdc1 Nxd2 27. Rxd2 Bxe5 28. dxe5 Be4 29. Qb5 Qxe5 30. Qd7 Qe6 31. Qd8+ Kg7 32. Qh4 Qf5 33. Rc6 Ra1+ 34. Kh2 Qe5+ 35. f4 gxf3+ 36. g3 Qg5 37. Qh3 Bf5 38. Rxd5 Bxh3 39. Rxg5+ hxg5 40. Kxh3 Rh8+ 41. Kg4 f2 0-1

[Event "SVK-chT U18 final"]
[Site "Banska Bystrica"]
[Date "2017.05.06"]
[Round "2.4"]
[White "Bidulska, Lenka"]
[Black "Pivoda, Reka"]
[Result "1-0"]
[WhiteElo "1409"]
[BlackElo "1147"]
[PlyCount "103"]
[EventDate "2017.05.05"]
[EventType "team-tourn"]
[EventRounds "5"]
[EventCountry "SVK"]
[SourceTitle "CBM 178 Extra"]
[Source "ChessBase"]
[SourceDate "2017.06.22"]
[SourceVersion "1"]
[SourceVersionDate "2017.06.22"]
[SourceQuality "1"]
[WhiteTeam "Kosice Slavia UPJS"]
[BlackTeam "Komarno KSC"]
[WhiteTeamCountry "SVK"]
[BlackTeamCountry "SVK"]

1. e4 e5 2. Nf3 Nc6 3. Bc4 Nf6 4. d3 d6 5. Bg5 h6 6. Bh4 Be7 7. 0-0 d5 8. Bxf6 Bxf6 9. Bxd5 Bd7 10. c3 Qe7 11. Re1 Qc5 12. Qb3 b6 13. Bxf7+ Kd8 14. Qd5 Qe7 15. Nbd2 g5 16. Bh5 Kc8 17. b4 g4 18. Bxg4 Bxg4 19. Qxc6 Rb8 20. a4 Qg7 21. Re3 Bh3 22. g3 Bg5 23. Nxg5 hxg5 24. f3 g4 25. a5 Qh7 26. Qe6+ Kd8 27. Qf6+ Kc8 28. Qf5+ Kd8 29. Qxh7 Rxh7 30. fxg4 Bxg4 31. Rf1 Rh8 32. Nc4 Re8 33. axb6 cxb6 34. Nd6 Rg8 35. Rf7 Ra8 36. d4 Bh5 37. Rf5 Bg6 38. Rxe5 Kd7 39. Nc4 b5 40. Rxb5 a6 41. Rg5 Kc7 42. e5 Bf7 43. Rxg8 Rxg8 44. e6 Bg6 45. d5 a5 46. bxa5 Rd8 47. d6+ Kc8 48. e7 Rd7 49. Nb6+ Kb7 50. Nxd7 Bf7 51. e8Q Bxe8 52. Rxe8 1-0

[Event "SVK-chT U18 final"]
[Site "Banska Bystrica"]
[Date "2017.05.06"]
[Round "3.4"]
[White "Pivoda, Reka"]
[Black "Cedzo, Adam"]
[Result "0-1"]
[WhiteElo "1147"]
[BlackElo "1632"]
[PlyCount "70"]
[EventDate "2017.05.05"]
[EventType "team-tourn"]
[EventRounds "5"]
[EventCountry "SVK"]
[SourceTitle "CBM 178 Extra"]
[Source "ChessBase"]
[SourceDate "2017.06.22"]
[SourceVersion "1"]
[SourceVersionDate "2017.06.22"]
[SourceQuality "1"]
[WhiteTeam "Komarno KSC"]
[BlackTeam "Zilina Mladost"]
[WhiteTeamCountry "SVK"]
[BlackTeamCountry "SVK"]

1. e4 e5 2. Nf3 Nc6 3. Bc4 Bc5 4. d3 h6 5. Nc3 d6 6. Bd2 Bg4 7. h3 Bh5 8. Qe2 Nd4 9. Qd1 Nxf3+ 10. gxf3 Qh4 11. Rf1 Qxh3 12. Nd5 Bxf3 13. Qc1 0-0-0 14. Ba5 Rd7 15. Bb5 c6 16. Bc4 cxd5 17. Bb5 Re7 18. exd5 Bg2 19. Qd2 Bxf1 20. 0-0-0 Bg2 21. f4 Be3 22. fxe5 Bxd2+ 23. Bxd2 Rxe5 24. Bf4 Rxd5 25. Bc4 Rd4 26. Bd2 Bd5 27. Bxd5 Rxd5 28. Re1 Nf6 29. Bc3 Re8 30. Rd1 Re2 31. Kb1 Ne4 32. a3 Nxc3+ 33. bxc3 Rb5+ 34. Kc1 Qe3+ 35. Rd2 Re1# 0-1

[Event "SVK-ch U12 Girls"]
[Site "Tatralandia"]
[Date "2015.04.25"]
[Round "9"]
[White "Slaba, Andrea"]
[Black "Pivoda, Reka"]
[Result "1-0"]
[WhiteElo "1515"]
[BlackElo "1000"]
[PlyCount "77"]
[EventDate "2015.04.18"]
[EventType "swiss"]
[EventRounds "9"]
[EventCountry "SVK"]
[SourceTitle "CBM 166 Extra"]
[Source "ChessBase"]
[SourceDate "2015.06.18"]
[SourceVersion "1"]
[SourceVersionDate "2015.06.18"]
[SourceQuality "1"]

1. Nf3 Nc6 2. d4 d5 3. e3 Nf6 4. c4 e6 5. Nc3 Bb4 6. a3 Bd6 7. Bd3 Qd7 8. c5 Bf8 9. Bb5 Qe7 10. Ne5 Bd7 11. Nxc6 Bxc6 12. Bxc6+ bxc6 13. Qa4 Qd7 14. Qa6 Be7 15. 0-0 0-0 16. Bd2 Rab8 17. b4 Ng4 18. h3 Nh6 19. Qe2 Bd6 20. cxd6 cxd6 21. Rac1 Rb6 22. Na2 Nf5 23. a4 Rbb8 24. Qa6 h6 25. Qxc6 Rbd8 26. Qxd7 Rxd7 27. Rc2 e5 28. dxe5 dxe5 29. Rfc1 Rdd8 30. Rc5 Ne7 31. Rc7 Rfe8 32. Rxa7 Ng6 33. Rcc7 Rf8 34. b5 Nh4 35. Bb4 Rfe8 36. Rxf7 Rc8 37. Rxg7+ Kh8 38. Rh7+ Kg8 39. Rag7# 1-0

[Event "SVK-ch U12 Girls"]
[Site "Tatralandia"]
[Date "2015.04.23"]
[Round "7"]
[White "Pivoda, Reka"]
[Black "Tomcikova, Dominika"]
[Result "0-1"]
[WhiteElo "1000"]
[BlackElo "1698"]
[PlyCount "68"]
[EventDate "2015.04.18"]
[EventType "swiss"]
[EventRounds "9"]
[EventCountry "SVK"]
[SourceTitle "CBM 166 Extra"]
[Source "ChessBase"]
[SourceDate "2015.06.18"]
[SourceVersion "1"]
[SourceVersionDate "2015.06.18"]
[SourceQuality "1"]

1. e4 c6 2. Nf3 d5 3. d3 dxe4 4. Nh4 exd3 5. cxd3 e5 6. Nc3 Qxh4 7. Be2 Bb4 8. a3 Bxc3+ 9. bxc3 Qd8 10. 0-0 Nf6 11. Bg5 h6 12. Bh4 Bf5 13. Rb1 b6 14. Rb2 0-0 15. Rb4 Qd6 16. Rb3 Nbd7 17. Qc2 Nc5 18. Rb4 Nd5 19. Rc4 b5 20. Rb4 Nxb4 21. axb4 Ne6 22. h3 Nf4 23. Bf3 Qxd3 24. Qxd3 Bxd3 25. Re1 Ng6 26. Bg3 e4 27. Bxe4 Bxe4 28. Rxe4 Rfe8 29. Rd4 Rad8 30. Rg4 Re1+ 31. Kh2 Rdd1 32. Bc7 h5 33. Rg5 h4 34. Rg4 Rh1# 0-1

[Event "SVK-ch U12 Girls"]
[Site "Tatralandia"]
[Date "2015.04.22"]
[Round "6"]
[White "Datelova, Daniela"]
[Black "Pivoda, Reka"]
[Result "1-0"]
[WhiteElo "1175"]
[BlackElo "1000"]
[PlyCount "47"]
[EventDate "2015.04.18"]
[EventType "swiss"]
[EventRounds "9"]
[EventCountry "SVK"]
[SourceTitle "CBM 166 Extra"]
[Source "ChessBase"]
[SourceDate "2015.06.18"]
[SourceVersion "1"]
[SourceVersionDate "2015.06.18"]
[SourceQuality "1"]

1. d4 d5 2. c4 Nf6 3. Nc3 e6 4. Bf4 Bb4 5. a3 Ba5 6. b4 Bb6 7. c5 0-0 8. cxb6 axb6 9. Nf3 Bd7 10. e3 Nc6 11. Bd3 Re8 12. b5 Na7 13. e4 dxe4 14. Nxe4 Nh5 15. Bg5 Qc8 16. Qd2 h6 17. Bxh6 Qd8 18. 0-0 c6 19. Bg5 Qc7 20. Bh6 Kh7 21. Nf6+ Kh8 22. Qg5 Qd8 23. Qxh5 gxh6 24. Qxh6# 1-0